20th-Century Writers Around the World - Statistics

General Stats
  • This quiz has been taken 231 times
  • The average score is 20 of 35
Answer Stats
Works Country Writer % Correct
The Old Man and the Sea; For Whom the Bell Tolls USA Ernest Hemingway
94%
Harry Potter England J. K. Rowling
93%
Animal Farm British India George Orwell
91%
The Great Gatsby USA F. Scott Fitzgerald
89%
Der Process (The Trial) Austria-Hungary; Czechoslovakia Franz Kafka
84%
Ulysses; Finnegans Wake Ireland James Joyce
84%
To Kill a Mockingbird USA Harper Lee
83%
Lolita Russian Empire Vladimir Nabokov
83%
The Jungle Book; Just So Stories England Rudyard Kipling
82%
Stories of Sherlock Holmes; The Lost World Scotland Arthur Conan Doyle
80%
The Stranger; The Plague France Albert Camus
79%
The Shining; The Colorado Kid USA Stephen King
79%
The Catcher in the Rye USA J.D. Salinger
77%
The Name Of The Rose Italy Umberto Eco
71%
The Call of the Wild; White Fang USA Jack London
70%
In Search of Lost Time France Marcel Proust
66%
To the Lighthouse; Mrs Dalloway England Virginia Woolf
66%
Waiting for Godot Ireland Samuel Beckett
65%
The Mysterious Affair at Styles; Sleeping Murder England Agatha Christie
63%
Buddenbrooks; The Magic Mountain Germany Thomas Mann
62%
The Glass Bead Game; Siddhartha Germany Hermann Hesse
55%
The Sound and the Fury USA William Faulkner
53%
Lord Jim; The Secret Agent Poland, England Joseph Conrad
45%
The Master and Margarita Russian Empire; Soviet Union Mikhail Bulgakov
43%
The Joke; The Book of Laughter and Forgetting Czechoslovakia Milan Kundera
38%
La biblioteca de Babel; Ficciones Argentina Jorge Luis Borges
37%
The Roads to Freedom France Jean-Paul Sartre
34%
The Little Prince France Antoine de Saint-Exupéry
32%
My Name Is Red; Snow Turkey Orhan Pamuk
29%
Jana Gana Mana (national anthem of India); Gitanjali British India Rabindranath Tagore
23%
Na Drini Ćuprija (The Bridge on the Drina) Yugoslavia Ivo Andrić
14%
Sonnets of Death; Readings for Women Chile Gabriela Mistral
12%
L'Invitée; Le Sang des autres France Simone de Beauvoir
12%
Nadja; Earthlight (Sun & Moon Classics) France André Breton
8%
Gospoda Glembajevi (Messrs. Glembay); Povratak Filipa Latinovicza Austro-Hungarian Empire; Yugoslavia Miroslav Krleža
7%
No matching quizzes found
Score Distribution
Percent of People with Each Score
Percentile by Number Answered
Your Score History
You have not taken this quiz